Vasudevan nayar kathaguchcha (Record no. 122275)
[ view plain ]
| 000 -LEADER | |
|---|---|
| fixed length control field | 00914nam a2200301Ia 4500 |
| 003 - CONTROL NUMBER IDENTIFIER | |
| control field | OSt |
| 005 - DATE AND TIME OF LATEST TRANSACTION | |
| control field | 20250812095655.0 |
| 008 - FIXED-LENGTH DATA ELEMENTS--GENERAL INFORMATION | |
| fixed length control field | 210210b2016 xxu||||| |||| 00| 0 eng d |
| 040 ## - CATALOGING SOURCE | |
| Transcribing agency | AL |
| 041 ## - LANGUAGE CODE | |
| Language code of text/sound track or separate title | kan |
| 082 ## - DEWEY DECIMAL CLASSIFICATION NUMBER | |
| Classification number | K894.301 VASV |
| 100 ## - MAIN ENTRY--PERSONAL NAME | |
| Personal name | VASUDEVAN NAYAR |
| 9 (RLIN) | 167303 |
| Dates associated with a name | ವಾಸುದೇವನ್ ನಾಯರ್ |
| 245 ## - TITLE STATEMENT | |
| Title | Vasudevan nayar kathaguchcha |
| Remainder of title | ವಾಸುದೇವನ್ ನಾಯರ್ ಕಥಾಗುಚ್ಛ |
| 260 ## - PUBLICATION, DISTRIBUTION, ETC. | |
| Place of publication, distribution, etc. | Bengaluru |
| Name of publisher, distributor, etc. | Hemanta Sahitya |
| Date of publication, distribution, etc. | 2016 |
| 300 ## - PHYSICAL DESCRIPTION | |
| Extent | ix,142 |
| 650 ## - SUBJECT ADDED ENTRY--TOPICAL TERM | |
| Topical term or geographic name entry element | Vasudevan |
| 9 (RLIN) | 167304 |
| 650 ## - SUBJECT ADDED ENTRY--TOPICAL TERM | |
| Topical term or geographic name entry element | Tr |
| 9 (RLIN) | 167305 |
| 650 ## - SUBJECT ADDED ENTRY--TOPICAL TERM | |
| Topical term or geographic name entry element | Parvati |
| 9 (RLIN) | 167306 |
| 650 ## - SUBJECT ADDED ENTRY--TOPICAL TERM | |
| Topical term or geographic name entry element | nayar |
| 9 (RLIN) | 167307 |
| 650 ## - SUBJECT ADDED ENTRY--TOPICAL TERM | |
| Topical term or geographic name entry element | kathaguchcha |
| 9 (RLIN) | 167308 |
| 650 ## - SUBJECT ADDED ENTRY--TOPICAL TERM | |
| Topical term or geographic name entry element | Ji |
| 9 (RLIN) | 167309 |
| 650 ## - SUBJECT ADDED ENTRY--TOPICAL TERM | |
| Topical term or geographic name entry element | by |
| 9 (RLIN) | 167310 |
| 650 ## - SUBJECT ADDED ENTRY--TOPICAL TERM | |
| Topical term or geographic name entry element | Aital |
| 9 (RLIN) | 167311 |
| 690 ## - LOCAL SUBJECT ADDED ENTRY--TOPICAL TERM (OCLC, RLIN) | |
| Topical term or geographic name as entry element | Kannada Fiction |
| 9 (RLIN) | 167312 |
| 700 ## - ADDED ENTRY--PERSONAL NAME | |
| Personal name | Parvati G Aital |
| Dates associated with a name | ಪಾರ್ವತಿ ಜಿ ಐತಾಳ್ |
| 9 (RLIN) | 235057 |
| 906 ## - LOCAL DATA ELEMENT F, LDF (RLIN) | |
| a | 072364 |
| 942 ## - ADDED ENTRY ELEMENTS (KOHA) | |
| Source of classification or shelving scheme | Dewey Decimal Classification |
| Koha item type | Book |
| Withdrawn status | Lost status | Source of classification or shelving scheme | Damaged status | Not for loan | Collection code | Home library | Current library | Date acquired | Source of acquisition | Cost, normal purchase price | Total Checkouts | Full call number | Barcode | Date last seen | Price effective from | Koha item type |
|---|---|---|---|---|---|---|---|---|---|---|---|---|---|---|---|---|
| Dewey Decimal Classification | Kannada | St Aloysius Library | St Aloysius Library | 02/17/2021 | Navakarnataka Publication Pvt Ltd., Mangalore. | 100.00 | K894.301 VASV | 072364 | 02/17/2021 | 02/17/2021 | Book |